000 00313nam a2200121Ia 4500
008 191201s2012 xx 000 0 und d
100 _aSAWARA, Anil
245 0 _aHaryanvi Naritaya Geet: Ek Adhyan
260 _aN. Delhi
_bHaryana Granth Academy
_c2012
300 _a93
650 _aGeneral Books
942 _2ddc
_cBK
999 _c6724
_d6724